[Event "Kragero Resort Chess A 2018"]
[Site "Kragero"]
[Date "2018.02.22"]
[Round "3"]
[White "Skotheim, Andreas"]
[Black "Lindbol, Aleksander"]
[Result "0-1"]
[WhiteElo "2025"]
[BlackElo "2218"]
[Annotator "TA"]
[PlyCount "164"]
[EventDate "2018.??.??"]
[EventType "swiss"]
[EventCountry "NOR"]
[SourceTitle "playchess.com"]
[Source "ChessBase"]
[SourceQuality "1"]

{[%evp 17,164,-6,-14,-38,-35,-38,-35,-35,-26,-14,-25,-40,-45,-60,-33,-37,-20,-37,-43,-16,-19,-32,-22,-65,-52,-30,-23,-100,-16,-21,-22,-29,-17,-37,-5,-45,0,0,22,-14,-8,-126,-57,-164,-77,-71,-80,-92,-64,-50,-62,-78,-54,-78,-37,-80,-80,-81,-82,-90,-89,-118,-124,-149,-149,-143,-137,-162,-165,-178,-140,-147,-108,-108,-38,-46,-46,-46,-42,-45,-42,-61,-61,-64,-63,-77,-78,-79,-62,-89,-72,-87,-60,-60,-39,-70,-45,-72,-72,-85,-77,-54,-36,-52,-26,-26,-36,-139,-197,-817,-859,-1079,-1088,-922,-960,-618,-616,-1643,-1483,-2239,-2046,-29968,-29967,-5369,-3431,-29975,-29976,-29976,-29977,-29977,-29977,-29980,-29981,-29981,-29982,-29981,-29982,-29984,-29983,-29984,-29985,-29985,-29986,-29986,-29987,-29987,-29988,-29990,-29991]} 1. d4 Nf6 2. Nf3 e6 3. c4 b6 4. g3 Ba6 5. b3 Bb4+ 6. Bd2 Be7 7. Nc3 c6 8. Bg2 d5 9. Ne5 Nfd7 {LiveBook: 17 Partien. E15: Damenindisch (Hauptfortsetzung, Abweichungen)} 10. Bf4 (10. Nxd7 Nxd7 11. O-O Rc8 12. cxd5 cxd5 13. Re1 O-O 14. Rc1 b5 15. e3 Qb6 16. Bf1 Qb7 17. Ne2 b4 18. Rxc8 Rxc8 {½-½ (40) Kunin,V (2533)-Savchenko,B (2655) Moscow 2009}) 10... Nxe5 11. Bxe5 O-O {Schwarz steht etwas besser.} 12. O-O Nd7 13. Bf4 Rc8 14. cxd5 cxd5 15. Rc1 Ba3 16. Rc2 Qe7 17. Bc1 Bb4 18. Bb2 Nf6 19. a4 $146 ({Vorgänger:} 19. Qa1 Rc7 20. a3 {0-1 (27) Mir Mahmoud,A (1993)-Mouradian,K (2186) Sharjah 2011}) 19... Qd7 20. Qa1 Rc7 21. Rfc1 Rfc8 22. Kf1 {[#]} (22. Bf3 $1 $11 {bleibt in der Remisbreite.}) 22... Qe7 ({Günstiger ist} 22... Ne4 $1 $17 {[%mdl 512] Droht ...Sxc3 und aus.} 23. Bxe4 (23. Nxe4 Rxc2) 23... dxe4) 23. Qb1 $11 h5 $36 {[%mdl 2048] Schwarz kämpft um Vorteil.} 24. Nb5 Bxb5 25. axb5 Ne8 26. e4 dxe4 27. Bxe4 Nd6 28. Bc6 Qg5 29. h3 (29. h4 $11 Qf5 30. Re2) 29... Nxb5 ({Besser ist} 29... h4 $17 30. g4 Nxb5) 30. Be4 (30. h4 $1 $15 Qf5 31. Be4 $1 {[%mdl 512]} Qh3+ 32. Bg2) 30... Qd8 (30... Nc3 $19 {bietet bessere Gewinnchancen.} 31. Bxc3 Bxc3) 31. Rxc7 Rxc7 ({Viel schwächer wäre} 31... Nxc7 $6 32. Qc2 $11) 32. Rxc7 Qxc7 33. Qd3 Qd7 34. Bf3 Be7 35. d5 exd5 36. Bxd5 Qxh3+ 37. Bg2 Qg4 38. Bf3 {[#]} Qg5 $1 39. Qe2 {[#]} g6 $1 40. Bc6 Nc7 41. Qd3 {Droht stark Dd4.} Qc5 42. Qd7 Qd6 43. Qc8+ Qd8 44. Qb7 Ne6 45. Qxa7 Bc5 (45... Qd1+ $17 46. Kg2 Qc2 47. Qxe7 Qxb2) 46. Qa8 Qxa8 47. Bxa8 $15 {[%mdl 4096] Endspiel KLL-KLS} Kf8 48. Bd5 Ke7 49. Ke2 Kd6 50. Bc4 Kc6 51. Be5 b5 52. Bd3 Bd4 53. Bb8 Bb6 54. Be5 Kd5 55. Bc3 Kc5 56. Be4 b4 57. Bb2 Kd6 58. Bd3 Bd4 59. Bc1 Ke5 60. Bc4 f5 61. Bd2 Bc3 {zielt auf ...Lxd2 ab.} 62. Bxc3+ ({Lieber} 62. f4+ $15 Kf6 63. Be3) 62... bxc3 {KL-KS} 63. Kd3 $2 (63. f4+ Nxf4+ 64. gxf4+ Kd4 65. Bf7) 63... Nc5+ $19 64. Kxc3 Ne4+ 65. Kd3 Nxf2+ 66. Ke3 Ne4 67. b4 {Jetzt Lf7 und Weiss darf weiter klammern.} Nxg3 68. Bf7 f4+ 69. Kf3 g5 {[%cal Bg6g5,Bg5g4,Bg4g3][%mdl 32]} 70. b5 g4+ 71. Kg2 Kd6 {Schwarz setzt Matt.} 72. Be8 Kc5 73. Kh2 Nf5 74. Bxh5 g3+ 75. Kh3 Kxb5 76. Bf3 Ne3 77. Kh4 Kc4 78. Kg5 g2 79. Bxg2 Nxg2 80. Kg4 Kd3 81. Kf3 Kd2 82. Kf2 Nh4 {Precision: Weiß = 25%, Schwarz = 50%.} 0-1

[Event "Kragero Resort Chess A 2018"]
[Site "Kragero"]
[Date "2018.02.23"]
[Round "4"]
[White "Chatalbashev, Boris"]
[Black "Kantane, Anna"]
[Result "1-0"]
[WhiteElo "2571"]
[BlackElo "2254"]
[Annotator "TA"]
[PlyCount "77"]
[EventDate "2018.??.??"]
[EventType "swiss"]
[EventCountry "NOR"]
[SourceTitle "playchess.com"]
[Source "ChessBase"]
[SourceQuality "1"]

{[%evp 10,77,32,24,52,46,72,53,43,48,50,53,52,27,38,16,43,38,51,50,45,45,45,45,41,41,56,57,55,56,50,58,62,41,67,64,90,90,87,87,97,90,109,99,99,83,124,123,162,167,286,249,264,260,283,179,237,175,257,247,476,472,449,425,493,497,691,685,5489,3222]} 1. d4 Nf6 2. Nf3 g6 3. Nbd2 d5 4. e3 Bg7 5. b4 a5 (5... O-O 6. Bb2 Bf5 7. Be2 Nbd7 8. O-O c6 9. a4 Ne4 10. c4 Re8 11. cxd5 cxd5 12. Nxe4 Bxe4 13. Qb3 {1-0 (32) So,W (2808)-Vachier Lagrave,M (2796) chess.com INT 2017}) 6. b5 {LiveBook: 42 Games. D02: 1 d4 d5 2 Nf3 sidelines, including 2...Nf6 3 g3 and 2...Nf6 3 Bf4} a4 7. Ba3 c6 8. c4 {White is better.} cxb5 $146 ({Predecessor:} 8... O-O 9. Be2 cxb5 10. cxb5 Nbd7 11. O-O Re8 12. Rc1 Nb6 13. Ne5 {½-½ (60) Mirzoev,A (2535)-Kessler,L (2432) Innsbruck 2017}) 9. cxb5 Nbd7 10. Rc1 O-O 11. Qc2 Re8 12. Qc7 e6 13. Bd3 Bf8 14. Bxf8 Qxc7 15. Rxc7 Kxf8 16. Ke2 Rd8 17. h4 h5 18. Rhc1 Ne8 19. R7c2 Nd6 20. Ne5 $36 {[%mdl 2048] White is more active.} Nb6 21. Ndf3 Bd7 22. Nxd7+ Rxd7 23. Ne5 Rdd8 24. Kd2 Ra5 25. Rc7 Na8 26. R7c5 {aiming for b6!} Nb6 27. f3 Kg7 28. a3 Kf6 29. Kc3 Kg7 (29... Raa8 {is a better defense.} 30. g4 Kg7) 30. Kb4 $18 Raa8 31. Rc7 Kg8 32. g4 hxg4 (32... Rdc8 {keeps fighting.} 33. gxh5 gxh5) 33. fxg4 Rac8 (33... Rdc8 {was worth a try.} 34. Rxc8+ Rxc8 35. Rxc8+ Ndxc8) 34. h5 {[%cal Bh4h5,Bh5g6][%mdl 32]} Ndc4 $2 {[#]} (34... Rxc7 35. Rxc7 gxh5) 35. Nxf7 {White is clearly winning.} Rxc7 36. Nxd8 Rd7 37. Nxe6 ({Less strong is} 37. Bxc4 dxc4 38. Nxe6 Re7 $18) 37... Nxe3 38. hxg6 Nxg4 39. Rf1 {Precision: White = 84%, Black = 34%.} 1-0

[Event "Kragero Resort Chess A 2018"]
[Site "Kragero"]
[Date "2018.02.23"]
[Round "4"]
[White "Hillarp Persson, Tiger"]
[Black "Thorfinnsson, Bragi"]
[Result "0-1"]
[WhiteElo "2543"]
[BlackElo "2426"]
[Annotator "TA"]
[PlyCount "140"]
[EventDate "2018.??.??"]
[EventType "swiss"]
[EventCountry "NOR"]
[SourceTitle "playchess.com"]
[Source "ChessBase"]
[SourceQuality "1"]

{[%evp 18,140,38,37,50,47,50,45,56,45,52,47,58,47,73,68,72,72,74,63,63,52,50,50,44,45,53,44,96,96,93,72,96,63,69,58,86,76,80,70,75,81,68,66,59,67,108,62,68,53,54,54,80,54,60,60,83,77,118,0,78,75,58,60,195,154,257,244,248,243,254,258,256,249,254,238,238,184,184,181,206,247,29975,29976,2588,453,386,403,326,48,239,207,177,189,151,0,0,0,0,-128,0,0,0,0,86,0,0,0,0,0,0,-1337,-1549,-1252,-1243,-3023,-2983,-2146,-1775,-5908,-3150,-12823,-9925,-6295,-5385]} 1. c4 e6 2. g3 d5 3. Nf3 c6 4. b3 Nf6 5. Bg2 Be7 6. O-O O-O 7. Bb2 a5 8. Nc3 {A14: English Opening: 1...e6 with b3 by White} Nbd7 (8... b6 9. Rc1 Ba6 10. d3 Nbd7 11. Nd4 Rc8 12. e3 Re8 13. f4 Bf8 14. Qd2 e5 15. Nf3 exf4 16. gxf4 {0-1 (50) Mareco,S (2606)-Sadorra,J (2560) Baku 2016}) 9. Qc2 Re8 10. d4 {LiveBook: 5 Games. White is slightly better.} Bf8 11. e4 Nxe4 12. Nxe4 dxe4 13. Qxe4 a4 14. Rfd1 $146 ({Predecessor:} 14. Ne5 Nxe5 15. dxe5 {1-0 (42) Gottschlich,C-Nothnagel,H (2310) Mainz 1995}) 14... Ra6 15. Qc2 a3 16. Bc3 b5 17. c5 Nf6 18. b4 Nd5 19. Bd2 f6 20. Re1 Re7 21. Re2 Bd7 22. Rae1 Qc8 ({Black should play} 22... Ra4 $14) 23. Nh4 $16 Qe8 24. f4 g6 25. Qb1 Qf7 26. Be4 Qg7 27. Bc2 Ra8 28. Bb3 Ree8 29. Qd3 Qf7 30. Kg2 Bg7 31. Nf3 Bh6 32. Rf2 Bg7 33. h3 Kh8 34. h4 Ne7 35. Rfe2 {[%cal Re2e6]} Nd5 36. Bc2 Bf8 37. Rf2 Ne7 38. Bb3 (38. g4 $1 $16) 38... Nd5 (38... Bg7 $1 $11) 39. g4 Bg7 40. g5 Ne7 (40... Rf8 $14) 41. gxf6 Bxf6 (41... Qxf6 $16 42. Ne5 Ra7) 42. Ne5 $18 Bxe5 43. fxe5 ({Stronger than} 43. dxe5 Nf5 $11) 43... Nf5 44. Bg5 h5 45. Bf6+ Kh7 46. Rg1 Rg8 47. Kf1 Be8 48. Rg5 Qd7 49. Rfxf5 gxf5 $2 (49... exf5 $18 50. Bxg8+ Kxg8) 50. Rxg8 Kxg8 51. Qg3+ (51. Qxf5 $142 Qh7 52. Bxe6+ Bf7 53. Qxh7+ Kxh7 54. Bxf7) 51... Kf8 {[#] intending ...Qh7.} 52. Bxe6 $1 {[%csl Ge6][%cal Rg3g8][%mdl 512]} Qh7 (52... Qxe6 53. Qg7#) 53. Qf4 $2 (53. Bb3 $18 {White wants to mate with e6.} Qg6 54. Bg5) 53... Bd7 $2 (53... Bf7 $1 $14 54. Bxf5 Bg6 55. Be7+ Ke8 56. Bxg6+ Qxg6 57. Qf8+ Kd7 58. Qxa8 Qf5+ 59. Ke2 Qe4+ 60. Kf2 Qf4+ 61. Ke1 Qe4+ 62. Kf2 Qf4+ 63. Kg2 Qg4+ 64. Kf2 Qxd4+ 65. Kf3 Qg4+ 66. Ke3 Qg3+ 67. Ke4 Qg4+ 68. Ke3 Qg3+ 69. Ke4 Qg4+ 70. Ke3) 54. Bxd7 Qxd7 {[%mdl 4096] Endgame KQR-KQB} 55. Qh6+ Kf7 56. Qh7+ $2 ({Inferior is} 56. Qxh5+ Ke6 $11) (56. d5 $1 $16 {Qg7+ would kill now.} cxd5 57. Bg5) 56... Ke6 $11 57. d5+ $1 cxd5 58. Qxh5 {[#]} (58. Bg7 $1 $11 d4 59. Qg6+ Kd5 60. Qg2+ Kc4 61. Qxa8 Qxg7 62. Qxa3) 58... d4 (58... Rg8 $1 $17 {Hoping for ...d4.} 59. Qf3 d4) 59. Qg6 {Black must now prevent Bh8+.} Qe8 60. Qg7 Kd5 {[#]} (60... d3 $11 61. Qb7 Rc8) 61. Qb7+ (61. Qg3 $1 $16 {[%cal Rg3f3] Qf3+ is the strong threat.} Ra6 62. Qf3+ Ke6 63. h5) 61... Kc4 $1 62. Qf3 {[%csl Ga2][%cal Rf3b3]} Kxb4 {And now ...Qg8 would win.} 63. h5 Qg8 64. h6 $2 {[%mdl 8192]} (64. e6 $11) 64... Qc4+ $19 {Black is clearly winning.} 65. Qe2 Qc1+ 66. Qe1+ Qxe1+ 67. Kxe1 Kc3 68. h7 Kc2 69. c6 d3 70. Bg5 b4 {Precision: White = 48%, Black = 56%.} 0-1

[Event "Kragero Resort Chess A 2018"]
[Site "Kragero"]
[Date "2018.02.23"]
[Round "4"]
[White "Lie, Kjetil A."]
[Black "Tryggestad, Andreas Garberg"]
[Result "1-0"]
[WhiteElo "2523"]
[BlackElo "2241"]
[Annotator "TA"]
[PlyCount "51"]
[EventDate "2018.??.??"]
[EventType "swiss"]
[EventCountry "NOR"]
[SourceTitle "playchess.com"]
[Source "ChessBase"]
[SourceQuality "1"]

{[%evp 14,51,66,62,159,66,62,82,286,286,286,289,285,289,291,275,246,249,234,201,210,183,416,405,414,407,503,415,504,495,734,641,624,558,832,801,822,805,969,983]} 1. Nf3 Nf6 2. c4 g6 3. Nc3 d5 4. cxd5 Nxd5 5. Qc2 (5. d3 Bg7 6. Bd2 O-O 7. g3 c5 8. h4 Nc6 9. h5 Nxc3 10. bxc3 c4 11. hxg6 hxg6 12. Qa4 Na5 {1-0 (27) Aronian,L (2801)-Giri,A (2762) Palma de Mallorca 2017}) 5... Bg7 6. e4 {A16: English Opening: 1...Nf6 with ...d5} Nb6 7. d4 Nc6 8. d5 {LiveBook: 8 Games. White is slightly better.} Na5 (8... Ne5 $14) 9. Be3 (9. Bd2 $16) 9... c6 10. Rd1 {And now dxc6 would win.} cxd5 $146 {[#]} (10... O-O $16) ({Predecessor:} 10... Bd7 11. b4 Nac4 12. Bxc4 Nxc4 {1-0 (29) Ortega Amarelle,M (2454)-Blanco Ronquillo,H (2430) Guarenas 2012}) 11. Bxb6 $1 $18 ({But not} 11. Nxd5 $6 Nxd5 12. Rxd5 Bd7 $16) 11... axb6 12. Nxd5 (12. Rxd5 Bd7 $14) 12... Nc6 {[#]} 13. Nf6+ $1 {[%mdl 512]} Bxf6 (13... exf6 14. Rxd8+) 14. Rxd8+ Kxd8 15. Bc4 Bg4 16. Qb3 Kc7 17. O-O e6 $2 (17... Bxf3 18. Qxf3 Bxb2) 18. Ne1 {[%cal Bf3e1,Be1c2,Bc2b4,Bb4d5][%mdl 32]} e5 19. Nc2 Bg5 20. Qg3 h5 {[#]} 21. Nb4 $1 {[%mdl 512] White is clearly winning.} Ra5 (21... Bf4 $142) (21... Nxb4 22. Qxe5+) 22. Nd5+ Kb8 23. h3 f5 24. hxg4 hxg4 25. Rd1 Ra4 26. Qb3 {Precision: White = 67%, Black = 32%.} 1-0

[Event "Kragero Resort Chess A 2018"]
[Site "Kragero"]
[Date "2018.02.23"]
[Round "4"]
[White "Christiansen, Johan-Sebastian"]
[Black "Kaasen, Tor Fredrik"]
[Result "1/2-1/2"]
[WhiteElo "2498"]
[BlackElo "2335"]
[Annotator "TA"]
[PlyCount "68"]
[EventDate "2018.??.??"]
[EventType "swiss"]
[EventCountry "NOR"]
[SourceTitle "playchess.com"]
[Source "ChessBase"]
[SourceQuality "1"]

{[%evp 17,68,43,50,32,34,19,66,11,65,54,63,65,63,24,61,13,91,84,102,47,61,53,112,52,86,0,5,0,0,0,0,0,0,-31,49,18,18,0,0,0,0,0,0,-171,-174,-177,0,-64,0,-169,0,-64,0]} 1. e4 c5 2. Nf3 {[%cal Bg1f3,Bf3d4,Bd4b3][%mdl 32]} e6 3. d4 cxd4 4. Nxd4 a6 5. Nc3 b5 6. Bd3 Ne7 7. O-O Nbc6 8. Nb3 {B43: Sicilian: Kan Variation: 5 Nc3} Ng6 9. f4 (9. Be3 Be7 10. f4 O-O 11. Qh5 d6 12. Rf3 e5 13. f5 Nf4 14. Bxf4 exf4 15. Rxf4 {½-½ (46) Leko,P (2753)-Carlsen,M (2733) Nice 2008}) 9... Be7 {LiveBook: 4 Games} 10. a4 {White is slightly better.} b4 11. Ne2 O-O 12. Ng3 (12. a5 $14) 12... d6 (12... Na5 $1 $11) 13. a5 $146 ({Predecessor:} 13. Nh5 d5 14. e5 a5 15. Rf3 Ba6 16. Rh3 Bxd3 17. cxd3 f6 {½-½ (17) Roth,P (2315)-Gaertner,G (2350) Austria 1996}) 13... Bb7 14. Be3 Re8 15. Bb6 Qc8 $1 16. Qg4 e5 (16... Nb8 $11) 17. f5 $1 $16 {Hoping for Nh5.} Nf4 18. Be3 (18. Nd2 $16) 18... Bf6 19. Rad1 Kh8 (19... Qd8 $14) 20. Rf2 ({Better is} 20. Nh5 $16) 20... d5 {[%cal Bd6d5,Bd5e4][%mdl 32]} 21. Bxf4 (21. Bb6 $16) 21... exf4 $11 22. Nh5 dxe4 {Strongly threatening ...Ne5.} 23. Nxf6 gxf6 24. Qh4 Qd8 25. Rxf4 {Black must now prevent Qh5.} Ne5 (25... exd3 $2 26. Rxd3 Re1+ 27. Qxe1 $18) (25... Rg8 $1 $15 26. Be2 (26. Rxe4 Ne5 $15) 26... Qe7) 26. Be2 $14 Qe7 27. Qh3 {Intending Rh4 and mate.} Rg8 28. Qe3 Rac8 29. Rd2 Rc7 30. Kh1 $2 {[#]} (30. Rh4 $11) 30... Nf3 $1 $36 {[%cal Rf3d2][%mdl 2560] Keeping White busy.} 31. Rd1 {[#]} (31. Bxf3 exf3) 31... Ne5 (31... Qe5 $1 $19 32. Na1 (32. gxf3 {is a self mate.} exf3 33. Bxa6 Qxe3 34. Bxb7 Qf2 35. Rg4 Rxg4 36. Rd8+ Rg8 37. Rxg8+ Kxg8 38. h3 Qg2#) 32... Rcc8) 32. Rd2 $15 {[#]} Nf3 $1 {[%mdl 512]} 33. Rd1 $19 {[#]} (33. Bxf3 exf3) 33... Ne5 ({Black should try} 33... Qe5 $1 $19 34. Na1 (34. gxf3 exf3 35. Bxa6 Qxe3 36. Bxb7 Qf2 37. Rg4 Rxg4 38. Rd8+ Rg8 39. Rxg8+ Kxg8 40. h3 Qg2#) 34... Rcc8) 34. Rd2 $1 $15 {[#]} Nf3 $1 {[%mdl 512] Precision: White = 33%, Black = 34%.} 1/2-1/2

[Event "Kragero Resort Chess A 2018"]
[Site "Kragero"]
[Date "2018.02.23"]
[Round "4"]
[White "Lie, Espen"]
[Black "Notkevich, Benjamin Arvola"]
[Result "1-0"]
[WhiteElo "2473"]
[BlackElo "2446"]
[Annotator "TA"]
[PlyCount "127"]
[EventDate "2018.??.??"]
[EventType "swiss"]
[EventCountry "NOR"]
[SourceTitle "playchess.com"]
[Source "ChessBase"]
[SourceQuality "1"]

{[%evp 13,127,6,7,4,10,-3,4,0,0,0,0,0,0,0,19,7,3,9,10,4,24,17,14,18,10,8,26,23,34,18,18,16,16,18,18,18,12,3,6,4,20,0,26,25,19,21,43,16,34,31,33,18,17,0,18,20,27,21,41,0,0,0,0,0,70,67,91,91,121,71,114,90,228,217,216,216,206,192,192,93,412,409,412,412,384,374,412,410,410,400,386,356,1325,42,93,0,1325,1200,5608,5259,29980,29981,29981,29978,29978,29979,29979,29980,29980,29981,29981,29982,29982,29983,29983,29984]} 1. Nf3 d5 2. g3 Nf6 3. Bg2 c6 4. O-O Bg4 5. Ne5 Bh5 6. d4 e6 {D02: Damenbauernspiele} 7. Nd2 (7. c4 Nbd7 8. Nc3 Be7 9. Qb3 Qb6 10. Nxd7 Nxd7 11. e4 dxe4 12. Nxe4 O-O 13. Be3 Rfd8 14. h3 Bg6 15. Rfc1 Qxb3 16. axb3 Bb4 17. Ra4 a5 18. Nc3 Nf6 {0-1 (59) Mozharov,M (2573)-Oparin,G (2569) Moscow 2015}) 7... Nbd7 {LiveBook: 6 Partien} 8. Ndf3 Bd6 {Die Stellung ist ausgeglichen.} 9. Bf4 Qc7 10. Nxd7 Nxd7 11. Bxd6 Qxd6 12. Re1 $146 ({Vorgänger:} 12. Qd2 h6 13. Rfe1 Bg6 {½-½ (63) Bartczak,H (1650)-Kundzik,J (1726) Warsaw 2009}) 12... O-O 13. c3 e5 14. Nxe5 Nxe5 15. dxe5 Qxe5 16. Qb3 Rab8 17. Qa4 a6 18. e4 dxe4 19. Rxe4 Qc5 20. Rae1 {Droht stark Te5.} Bg6 21. Qb4 (21. Re7 {feels hotter.} h6 22. Qf4 Qb5 23. Qc1 Qc4 24. b3) 21... Qxb4 22. Rxb4 Rfd8 23. Bf3 Kf8 24. a4 Bf5 25. Rf4 Bc2 26. a5 Rd7 27. Rc1 Bb3 28. Rb4 Bd5 29. Rd1 Ke7 30. Re1+ (30. Bxd5 {looks sharper.} cxd5 31. Rbd4 b6 32. Rb4 Kd6 33. axb6 Kc6 34. Ra4) 30... Kd8 31. Bxd5 Rxd5 $14 {[%mdl 4096] Endspiel KTT-KTT} 32. Rh4 h6 33. c4 Rd7 34. c5 Kc7 35. Rg4 g5 36. Rge4 Rbd8 37. h4 Rd5 38. b4 gxh4 (38... Rd4 $11) 39. Rxh4 h5 40. Kg2 Rf5 41. Ree4 Rdd5 42. Re7+ Kb8 (42... Rd7 $16 43. Re3 Rd2) 43. Re8+ $18 Kc7 44. Rhe4 $1 Rd2 45. R4e7+ Rd7 46. Re5 (46. f3 $18 {ist viel giftiger.}) 46... Rd5 $2 {[%mdl 8192]} (46... Rxe5 $16 47. Rxe5 Rd5) 47. R8e7+ Kc8 48. Rxf5 $1 Rxf5 {KT-KT} 49. f4 h4 50. Kh3 hxg3 51. Kxg3 Rd5 52. Rxf7 Rd4 $2 (52... Rd3+ 53. Kg4 Rb3) 53. Rf8+ $2 (53. f5 $18 Rxb4 54. f6) 53... Kd7 $1 $14 54. Rf7+ $2 {[%mdl 8192]} (54. Kg4 $16) 54... Kc8 $18 55. f5 Rxb4 56. f6 Re4 57. Rg7 {Weiß setzt Matt.} Re3+ 58. Kf4 Re1 59. f7 Rf1+ 60. Ke5 Kd8 {[#]} 61. Rg8+ $1 Ke7 {[#]} 62. f8=Q+ $1 {[%mdl 512]} Rxf8 63. Rxf8 Kxf8 {[#]} 64. Kd6 $1 {Precision: Weiß = 59%, Schwarz = 39%.} 1-0

[Event "Kragero Resort Chess A 2018"]
[Site "Kragero"]
[Date "2018.02.23"]
[Round "4"]
[White "Holm, Kristian Stuvik"]
[Black "Hammer, Jon Ludvig"]
[Result "1/2-1/2"]
[WhiteElo "2448"]
[BlackElo "2622"]
[Annotator "TA"]
[PlyCount "52"]
[EventDate "2018.??.??"]
[EventType "swiss"]
[EventCountry "NOR"]
[SourceTitle "playchess.com"]
[Source "ChessBase"]
[SourceQuality "1"]

{[%evp 10,52,9,8,18,8,23,22,4,0,0,0,13,0,20,20,16,21,13,12,13,21,14,22,28,6,8,12,0,0,0,0,0,0,0,0,0,0,0,0,0,0,0,0,2]} 1. d4 d5 2. c4 e6 3. Nf3 Nf6 4. Nc3 Bb4 5. Qb3 c5 6. dxc5 Na6 {D38: Queen's Gambit Declined: Ragozin Defence (4 Nf3 Bb4)} (6... Qa5 7. Bd2 dxc4 8. Qxc4 Qxc5 9. Qxc5 Bxc5 10. Rc1 O-O 11. e3 Nc6 12. Be2 Bd7 13. O-O Rfd8 14. Rfd1 {½-½ (41) Wang,H (2709)-Mamedyarov,S (2799) Huaian 2017}) 7. a3 Bxc3+ 8. Qxc3 {Strongly threatening b4.} Nxc5 9. cxd5 Qxd5 10. Be3 Nce4 11. Qe5 Qxe5 12. Nxe5 {next f3 is good for White.} Nd5 13. Bc1 Bd7 14. f3 Nc5 15. e4 Nb3 16. Rb1 Nb6 17. Nxd7 Kxd7 {The position is equal.} 18. Be3 Rhc8 {[#]} 19. Kf2 $146 ({Predecessor:} 19. Be2 Nc4 {½-½ (19) Fridman,D (2620)-Naroditsky,D (2646) Riga 2016}) 19... Ke7 20. Kg3 Nc4 21. Bxc4 Rxc4 22. Rhd1 b6 23. Rd3 Nc5 24. Bxc5+ Rxc5 25. Rbd1 Rc7 26. h4 Rb8 {Precision: White = 87%, Black = 83%.} 1/2-1/2